00322pab a2200133 454500008004000000100002500040245004700065260000900112300001200121362000800133650001800141650001000159773001900169180718b1997 xxu||||| |||| 00| 0 eng d aMishra, Rajesh Kumar aWomen in India: why they need reservation? c1997 ap.42-43 aOct aWomen - India aWomen aPolitics India